Maths – Pythagorean primes - Statistics

General Stats
  • This quiz has been taken 90 times
  • The average score is 5 of 11
Answer Stats
# n=(p-1)/4 Prime % Correct
1 1 5
97%
2 3 13
89%
3 4 17
61%
4 7 29
59%
5 9 37
44%
6 10 41
37%
7 13 53
27%
8 15 61
26%
9 18 73
20%
10 22 89
13%
11 24 97
11%
No matching quizzes found
Score Distribution
Percent of People with Each Score
Percentile by Number Answered
Your Score History
You have not taken this quiz